Dětské přečiny třeba spravedlivě hodnotit

Bibliographic Details
Main Author: Baziková, Věra (Author)
Format: Article
Language:Czech

MARC

LEADER 00000nab a2200000uu 4500
001 vtls011436951
003 SK-MaSNL
005 20260303145533.0
008 230222|1961 xo |||||||||||||||||cze|
015 |a SNBRB 
035 |a (urnnbn)urn:nbn:sk:snk:ar-002gug 
035 |a (uuid)f6a50fec-7873-4584-baf6-c00d78f9b1b0 
035 |a urn:nbn:sk:snk-abcc7y 
040 |a SNKBUCL  |b slo  |c SNKBUCL  |e AACR2 
041 0 |a cze 
044 |a xo  |c SK 
100 1 |a Baziková, Věra  |4 aut  |9 1123201 
245 1 0 |a Dětské přečiny třeba spravedlivě hodnotit  |c Věra Baziková 
773 0 |t Predškolská výchova : pedagogický časopis pre učiteľky materských škôl  |g Roč. 15, č. 5 (1961), s. 144-147 
958 |a OND 
958 |a EUIPO 
958 |a article16 
999 |c 2003721  |d 2005651